Historia de la filosofía: La Filosofía Contemporánea

Guardat en:
Dades bibliogràfiques
Autor principal: Abbagnano, Nicolás
Format: Llibre
Idioma:Spanish
Publicat: Barcelona, España Hora 1996
Matèries:
Etiquetes: Afegir etiqueta
Sense etiquetes, Sigues el primer a etiquetar aquest registre!

MARC

LEADER 00000nam a2200000Ia 4500
008 170316s9999 xx 000 0 spa d
040 |a cru BVZT 
090 |a H-100 A-1hi v.4, 1ª parte 
100 |a Abbagnano, Nicolás 
245 |a Historia de la filosofía: La Filosofía Contemporánea  |c Nicolás Abbagnano; Giovanni Fornero; Carlos Garriga, traductor 
260 |a Barcelona, España 
260 |b Hora 
260 |c 1996 
300 |a 502 páginas. Vol. 4, tomo primero 
650 |a FILOSOFÍA  |9 5 
650 |a MARXISMO EUROPEO 
650 |a LA ESCUELA DE FRANKFURT 
650 |a FILOSOFÍA Y TEOLOGÍA 
650 |a CIENCIAS HUMANAS 
650 |a EL ESTRUCTURALISMO 
650 |a LEVI STRAUSS 
650 |a FOUCAULT 
650 |a LACAN 
650 |a ALTHUSSER 
999 |c 28863  |d 28863 
942 |c SALA  |h H-100 A-1hi v.4, 1ª parte  |2 z